000
00253nam a2200097Ia 4500
001
1029644
005
20250826231432.0
008
250824s9999 xx 000 0 und d
245
0
_a
ORMANI YEMEK YASAK
_c
TUĞBA COŞKUNER
260
_b
CEZVE KİTAP YAYINLARI
999
_c
1029644
_d
1029644